[Event "Regionalliga Mittelrhein 1213"]
[Site "Germany"]
[Date "2012.11.11"]
[Round "4.8"]
[White "Schmidt, Kai Uwe"]
[Black "Rommel, Wilfried"]
[Result "1-0"]
[WhiteElo "1968"]
[BlackElo "1881"]
[PlyCount "67"]
[EventDate "2012.09.09"]
[EventType "team"]
[EventRounds "11"]
[EventCountry "GER"]
[SourceTitle "EXT 2015"]
[Source "ChessBase"]
[SourceDate "2014.11.20"]
[SourceVersion "1"]
[SourceVersionDate "2014.11.20"]
[SourceQuality "1"]
[WhiteTeam "Koeln SF II"]
[BlackTeam "Godesberg IV"]
[WhiteTeamCountry "GER"]
[BlackTeamCountry "GER"]

1. d4 Nf6 2. c4 g6 3. Nc3 Bg7 4. e4 d6 5. Be2 0-0 6. Bg5 Nbd7 7. Qd2 e5 8. d5 a5 9. f3 h6 10. Be3 Nc5 11. Bd1 Bd7 12. Bc2 Kh7 13. Nge2 Ng8 14. 0-0 Qh4 15. Nb5 Bxb5 16. cxb5 b6 17. Kh1 h5 18. Rad1 Bh6 19. f4 exf4 20. Bxf4 Rae8 21. Nc3 Qe7 22. h3 Nd7 23. Rde1 Ne5 24. Ne2 Qd7 25. Nd4 Bxf4 26. Rxf4 Nh6 27. Ref1 Nc4 28. Qc3 Ne5 29. a4 Re7 30. Bb3 g5 31. R4f2 g4 32. Nf5 Ree8 33. Qd2 Ng8 34. Qg5 1-0